• 首页
  • 本馆介绍
  • 公告通知
  • 最新文献
  • 馆藏检索
  • 电子资源
  • 读者导购
  • 参考咨询
  • 我的图书馆
  • 登录
  • 详细信息显示
  • 放入我的书架
  • 预约/预借图书
  • 作者相关作品
  • 分类相关作品
  • 丛书相关作品
  • 出版社相关作品

书目信息

  • 表格格式
  • 工作单格式
  • 卡片格式
题名:
几何学的源起与演进
    
 
作者: 项武义 著
分册:  
出版信息: 北京   科学出版社  1983
页数: 236页
开本: 19cm
丛书名: 数学小丛书
单 册:
中图分类: O181 , O123-09
科图分类:
主题词: 初等几何-数学史 , 几何 , 拓扑
电子资源:
ISBN:
000 00727nam2 2200289 45
001 0183012121
005 20060810103903.57
010    @dCNY0.95
091    @a13031.2256
100    @a19950628d1983 emky0chiy0121 ea
101 0  @achi
102    @aCN@b110000
105    @ay z 000yy
200 10 @a几何学的源起与演进@Aji he xue de yuan qi yu yan jin@f项武义著
210    @a北京@c科学出版社@d1983
215    @a236页@d19cm
225 2  @a数学小丛书
410  0 @120010@a数学小丛书
606    @a初等几何-数学史
606 0  @a几何
606 0  @a拓扑
690    @aO181
690    @aO123-09@v3
701  0 @a项武义@Axiang wu yi@4著
801  2 @aCN@bNLC@c20060810
801  0 @aCN@b上海图书馆@c20040524
905    @dO181@e1
    
    几何学的源起与演进/项武义著.-北京:科学出版社,1983
    236页;19cm.-(数学小丛书)
    
    
    ISBN :CNY0.95
    
●
相关链接 在E读中查询图书 在五车中查询图书 在当当中查询图书 在豆瓣中查询图书


正题名:几何学的源起与演进     索取号:O181/1         预约/预借

序号 登录号 条形码 馆藏地/架位号 状态 备注
1 0089756   000399009   第三借阅区/ [索取号:O181/1] 在馆    
2 0089757   000399063   第三借阅区/ [索取号:O181/1] 在馆    
3 0089758   001938764   第三借阅区/ [索取号:O181/1] 在馆    
4 0089759   000398992   第三借阅区/ [索取号:O181/1] 在馆    
5 0453890   204538900   密集书库/ [索取号:O181/1] 在馆    
唐山师范学院图书馆 欢迎您!
大连网信软件有限公司© 版权所有